Naruto Jutsu Quiz (290+) - Statistics

General Stats
  • This quiz has been taken 82 times
  • The average score is 20 of 298
Answer Stats
Answer % Correct
Rasengan
94%
Chidori: 1000 birds
78%
Shadow clone
66%
Fireball
63%
Amaterasu
52%
Rasenshuriken
48%
Kamui
43%
Susano'o
40%
Summoning
38%
Clone
37%
Water dragon
34%
Sexy jutsu
32%
Water clone
32%
Mud wall
31%
Reanimation
31%
Substitution
31%
Tsukuyomi
31%
Almighty push
28%
Fang over fang
26%
Lightning blade
26%
Sand coffin
25%
Flying raijin
23%
Kirin
23%
Sage mode
23%
Koto Amatsukami
22%
Mind transfer
22%
Multi Shadow clone
22%
Tailed beast bomb
22%
Planetary devastation
20%
Wood clone
20%
Eight gates
18%
Izanagi
18%
Expansion
17%
Infinite tsukuyomi
17%
Izanami
17%
Thousand years of death
17%
Giant rasengan
15%
Hidden in mist
15%
Mud clone
15%
Shadow strangle
15%
Reaper death seal
14%
Water wall
14%
100 healings
12%
Harem Jutsu
12%
Universal pull
12%
Water prison
12%
Dragon flame
11%
Flame control
11%
Limbo
11%
Massive rasengan
11%
Phoenix flower
11%
Planetary rasengan
11%
Sand burial
11%
Sand tsunami
11%
Truth seeker orbs
11%
Wood golem
11%
Atomic dismantling
9%
Body flicker
9%
Deep forest emergence
9%
Indra's arrow
9%
Sand clone
9%
Shadow shuriken
9%
Shadow stitching
9%
C0
8%
Chidori stream
8%
Curse mark
8%
Human boulder
8%
Kamui shuriken
8%
Lightning release shadow clone
8%
Lightning style lariat
8%
Lion's Barrage
8%
Majestic destroyer flame
8%
Partial expansion
8%
Shadow posession
8%
Water bullet
8%
Wind scythe
8%
Amenotejikara
6%
Burning ash
6%
Chidori blade
6%
Chidori senbon
6%
Crow clone
6%
Earth dragon
6%
Earth grudge
6%
Eight trigrams 64 palms
6%
Great fireball
6%
Heaven concealed
6%
Iron sand
6%
Massive rasenshuriken
6%
Murderous bone ash
6%
Rasengan barrage
6%
Rashomon
6%
Reverse summoning
6%
Tailed beast rasengan
6%
Air palm
5%
Amenominaka
5%
Bubble jutsu
5%
Chidori spear
5%
Clay clone
5%
Deep forest bloom
5%
Dynamic entry
5%
Gentle step twin lion fists
5%
Grand sand mausoleum
5%
Kagutsuchi
5%
Laser circus
5%
Lava style rasenshuriken
5%
Lightning style double lariat
5%
Mitotic regeneration
5%
Needle jizo
5%
Sand shield
5%
Shadow pull
5%
Uzumaki Barrage
5%
Wind blade
5%
Acrobat
3%
Bring down the house
3%
C2 dragon
3%
C4 Karura
3%
Cellular activation
3%
Cellular extraction
3%
Cherry blossom clash
3%
Crystal ice mirrors
3%
Eight trigrams 128 palms
3%
Eight trigrams sealing
3%
Eighty gods vacuum fists
3%
Fission
3%
Giant rasengan barrage
3%
Hiding in ash
3%
Kamui Lightning blade
3%
Laughing Buddha
3%
Leaf hurricane
3%
Lightened boulder
3%
Lightning style chakra mode
3%
Magnet style rasengan
3%
Massive rasengan barrage
3%
Mind destruction
3%
Onyx chidori
3%
Palm sage
3%
Paper clone
3%
Phoenix flame scarlet claw
3%
Playing possum
3%
Roof tile shuriken
3%
Sand armor
3%
Sandstorm
3%
Searing migraine
3%
Severing wave
3%
Sharingan genjutsu
3%
Spiked human boulder
3%
Super beast scroll
3%
Teleportation jutsu
3%
Totsuka blade
3%
Water mirror
3%
Weighted boulder
3%
Yasaka beads
3%
Black panther
2%
Bomb blast dance
2%
Breakthrough
2%
Bubble bomb
2%
Bug bite
2%
Bug clone
2%
Cat claw
2%
Chakra scalpel
2%
Cocoon
2%
Domed wall
2%
Earth golem
2%
Eight trigrams hazan strike
2%
Emotion wave
2%
Fang of light
2%
Flying raijin slash
2%
Great breakthrough
2%
Great dragon flame
2%
Hair needle senbon
2%
Hell stab
2%
Honoikazuchi
2%
Human boulder yo-yo
2%
Infinite darkness
2%
Ink-splatter rasenshuriken
2%
Leaf whirlwind
2%
Lightning beast tracking fang
2%
Lightning cable
2%
Majestic demolisher flame
2%
Mind transmission
2%
Nine tails chakra mode
2%
Nine tails sage mode
2%
Oboroguruma
2%
Octopus leg clone
2%
Performance of a hundred puppets
2%
Sand bomb salvo
2%
Shadow style thunder blast
2%
Shikigami dance
2%
Six paths massive rasenshuriken
2%
Snake clone
2%
Stone clone
2%
Strength of a hundred
2%
Subterranean voyage
2%
Super god imitation drawing
2%
Susano'o chidori
2%
Tailed beast bomb cannon
2%
Tailed beast bomb rasenshuriken
2%
Tandem paper bombs
2%
Thousand hands
2%
Thousand needles of death
2%
Toad oil bombs
2%
Uchiha flame formation
2%
Uchiha style halo dance
2%
Unrivaled strength
2%
Water shockwave
2%
Wild lion's mane
2%
Wolf fang over fang
2%
Yomotsu hirasaka
2%
Acid permeation
0%
Amaterasu flame gathering
0%
Binding snake glare spell
0%
Casting net
0%
Chojo kebutsu, artifacts of the Buddha
0%
Coral palm
0%
Dancing leaf shadow
0%
Dark swamp
0%
Death posession blood
0%
Double black panther
0%
Earth spear
0%
Erupting propulsion fist
0%
Eruption kick
0%
Exploding shadow clone
0%
False darkness
0%
Fang rotating fang
0%
Flaming cat roar
0%
Flower-fruit mountain
0%
Flying claw
0%
Flying raijin guiding thunder
0%
Flying raijin second step
0%
Four crimson ray formation
0%
Gentle fist body blow
0%
Giant forest
0%
Gracious deity gates
0%
Great cat claw
0%
Great mud river
0%
Headhunter jutsu
0%
Heavenly weeping
0%
Hidden mist slice
0%
Hidden waterfall hurricane
0%
Hiding in scale powder
0%
Hiding in water
0%
Horn breaking
0%
Ink bubble explosion
0%
Insect gathering
0%
Insect sphere
0%
Insect tornado
0%
Insect wall
0%
Lava style chakra mode
0%
Leaping bullet shell tower
0%
Leech gap
0%
Lightning flicker
0%
Lightning straight
0%
Lightning water dragon bullet
0%
Man beast transformation combo: Three headed wolf
0%
Man beast transformation combo: Two headed wolf
0%
Manipulated shuriken
0%
Melting apparition
0%
Mirage crow
0%
Monkey flame arson
0%
Mouse hairball
0%
Octopus hold
0%
Paper chakram
0%
Paper shuriken
0%
Passing typhoon
0%
Pressure damage
0%
Quicklime congealing
0%
Raging waves
0%
Rasen-Absorption
0%
Revolving flying raijin
0%
Rubber rope
0%
Rubber wall
0%
Sacred paper emissary
0%
Sand shadow
0%
Scale powder
0%
Scorching armored fist
0%
Scorching rocks
0%
Shadow stroke
0%
Shinsu senju, veritable 1000 armed kan'on
0%
Silent killing
0%
Sky sand defensive wall
0%
Soap bubble
0%
Soap bubble slime
0%
Spiraling flash super round dance howl style three
0%
Spiral jet black
0%
Strange mask exploding flame
0%
Striking shadow snakes
0%
Super tailed beast rasenshuriken
0%
Super wolf fang over fang
0%
Surging fire wild dance
0%
Susano'o kagutsuchi
0%
Tailed beast chakra arms
0%
Tailed beast lariat
0%
Toad oil flame bullet
0%
Tunneling fang
0%
Water fang bullet
0%
Water shark bomb
0%
Wisdom wolf decay
0%
Wood expulsion
0%
No matching quizzes found
Score Distribution
Percent of People with Each Score
Percentile by Number Answered
Your Score History
You have not taken this quiz